[Event "I Open Olimpico A"]
[Site "Torino ITA"]
[Date "2005.12.05"]
[Round "4"]
[White "Gussone, Claudio"]
[Black "Ragni, Paolo"]
[Result "0-1"]
[WhiteElo "1885"]
[BlackElo "2159"]
[PlyCount "68"]
[EventDate "2005.12.03"]

1.d4 Nf6 2.c4 d6 3.Nf3 g6 4.g3 Bg7 5.Bg2 O-O 6.Nc3 Nbd7 7.e4 e5 8.dxe5 
dxe5 9.Qc2 c6 10.O-O Qe7 11.b3 Re8 12.Bb2 b6 13.Rad1 Bb7 14.Qd2 Bf8 15.Qc1
Rad8 16.a3 a5 17.Na4 b5 18.cxb5 cxb5 19.Nc3 Qc5 20.Rfe1 b4 21.axb4 axb4 
22.Na4 Qe7 23.Nd2 Rc8 24.Nc4 Ba6 25.Bf1 Qe6 26.Qd2 Rc6 27.Rc1 Rec8 28.Ba1 
Bb5 29.Nab2 Ra8 30.Bg2 Ra2 31.Rc2 Rca6 32.Rcc1 Nc5 33.Qd8 Nxb3 34.Nxe5 
Nxc1 0-1

[Event "I Open Olimpico A"]
[Site "Torino ITA"]
[Date "2005.12.05"]
[Round "4"]
[White "Parodi, Alessandro"]
[Black "Vozza, Nicola"]
[Result "0-1"]
[WhiteElo "1910"]
[BlackElo "1994"]
[PlyCount "70"]
[EventDate "2005.12.03"]

1.d4 Nf6 2.c4 g6 3.Nc3 Bg7 4.e4 d6 5.f3 b6 6.Be3 Bb7 7.Qd2 Nbd7 8.Nge2 c5 
9.d5 a6 10.Nc1 Qc7 11.Nb3 h6 12.g4 Ne5 13.Be2 Bc8 14.a4 g5 15.h4 gxh4 16.
Rxh4 Ng6 17.Rh2 Bd7 18.Bxh6 Bxh6 19.Rxh6 O-O-O 20.O-O-O Rxh6 21.Qxh6 Rh8 
22.Qe3 Rh3 23.Qf2 Qd8 24.g5 Nh5 25.Rg1 Nhf4 26.Bf1 Qh8 27.Bxh3 Nd3+ 28.Kc2
Nxf2 29.Bxd7+ Kxd7 30.Rg2 Qh4 31.Nd2 Nf4 32.Rg1 Qh2 33.Ra1 N2d3 34.a5 Nb4+
35.Kc1 Qg1+ 0-1

[Event "I Open Olimpico A"]
[Site "Torino ITA"]
[Date "2005.12.05"]
[Round "4"]
[White "Racioppo, Paolo"]
[Black "Sola, Giuseppe"]
[Result "1-0"]
[WhiteElo "2188"]
[BlackElo "1902"]
[PlyCount "107"]
[EventDate "2005.12.03"]

1.f4 d5 2.d3 Nf6 3.Nf3 g6 4.g3 Bg7 5.Bg2 O-O 6.O-O b6 7.h3 Bb7 8.c3 c5 9.
Qe1 Re8 10.g4 Nfd7 11.f5 e5 12.e4 Nf6 13.fxg6 fxg6 14.Bg5 dxe4 15.Nfd2 Qd6
16.dxe4 Nbd7 17.Na3 Rf8 18.Ndc4 Qc6 19.Rd1 Ne8 20.Ne3 Rxf1+ 21.Qxf1 Nef6 
22.Nd5 Nxd5 23.exd5 Qa4 24.Be7 Bf8 25.Bg5 Bg7 26.Qd3 Rf8 27.Re1 Ba6 28.Qc2
Qa5 29.Be7 Rf4 30.d6 c4 31.Qd2 Qc5+ 32.Qe3 Qc8 33.Bd5+ Kh8 34.Rf1 Rxf1+ 
35.Kxf1 Bb7 36.Qf3 Bxd5 37.Qxd5 h5 38.Nxc4 hxg4 39.hxg4 Qa6 40.a3 Qa4 41.
g5 b5 42.Ne3 Qf4+ 43.Ke2 e4 44.Qxb5 Kh7 45.Qxd7 Qf3+ 46.Kd2 Qf2+ 47.Kd1 
Qxe3 48.Bf6 Qd3+ 49.Kc1 Qf1+ 50.Kc2 Qd3+ 51.Kb3 Qd5+ 52.c4 Qd3+ 53.Bc3 
Qd1+ 54.Ka2 1-0

[Event "I Open Olimpico A"]
[Site "Torino ITA"]
[Date "2005.12.05"]
[Round "4"]
[White "Ranieri, Fabrizio"]
[Black "D'Ingiullo, Roberto"]
[Result "1/2-1/2"]
[WhiteElo "2247"]
[BlackElo "2119"]
[PlyCount "38"]
[EventDate "2005.12.03"]

1.e4 d6 2.d4 Nf6 3.Nc3 c6 4.Nf3 Bg4 5.h3 Bxf3 6.Qxf3 Nbd7 7.Be3 e5 8.g4 
Nb6 9.O-O-O Qc7 10.Qg3 Nfd7 11.f4 Be7 12.g5 O-O-O 13.a4 a5 14.h4 Rhg8 15.
Be2 f6 16.Qg4 Kb8 17.Qh5 exd4 18.Rxd4 d5 19.Rdd1 Bc5 1/2-1/2

[Event "I Open Olimpico A"]
[Site "Torino ITA"]
[Date "2005.12.05"]
[Round "4"]
[White "Sellitti, Federico"]
[Black "Sorcinelli, Francesco"]
[Result "1-0"]
[WhiteElo "2143"]
[BlackElo "2071"]
[PlyCount "65"]
[EventDate "2005.12.03"]

1.e4 c5 2.f4 d5 3.exd5 Nf6 4.Bb5+ Bd7 5.Bxd7+ Qxd7 6.c4 e6 7.Qe2 Bd6 8.d3 
O-O 9.dxe6 Qxe6 10.Qxe6 fxe6 11.Nf3 Nc6 12.Nc3 Rad8 13.O-O Nb4 14.Ng5 Rfe8
15.Nce4 h6 16.Nxf6+ gxf6 17.Ne4 Kg7 18.Bd2 f5 19.Bc3+ Kf7 20.Nxd6+ Rxd6 
21.d4 Nc2 22.dxc5 Ra6 23.Rac1 Ne3 24.Rf3 Nxc4 25.Rg3 Rg8 26.Rxg8 Kxg8 27.
Rd1 b5 28.Rd8+ Kf7 29.Rb8 Rxa2 30.c6 Nd6 31.c7 b4 32.Bxb4 Ne4 33.h3 1-0

[Event "I Open Olimpico A"]
[Site "Torino ITA"]
[Date "2005.12.05"]
[Round "4"]
[White "Spatola, Davide"]
[Black "Roversi, Stefano"]
[Result "1-0"]
[WhiteElo "2102"]
[BlackElo "1866"]
[PlyCount "53"]
[EventDate "2005.12.03"]

1.d4 Nf6 2.Bg5 e6 3.e4 Be7 4.Bxf6 Bxf6 5.Nf3 c5 6.e5 Qa5+ 7.c3 Be7 8.dxc5 
Qxc5 9.Bd3 Nc6 10.Qe2 O-O 11.Nbd2 d5 12.Nb3 Qb6 13.O-O f6 14.Rad1 Bd7 15.
c4 Nb4 16.cxd5 Nxd5 17.Bc4 Bc6 18.exf6 Bxf6 19.Qxe6+ Kh8 20.Bxd5 Rae8 21.
Qh3 Bb5 22.Rfe1 Be2 23.Rc1 Bxb2 24.Rb1 Bc3 25.Nbd2 Qc5 26.Be4 Rxe4 27.Nxe4
1-0

[Event "I Open Olimpico A"]
[Site "Torino ITA"]
[Date "2005.12.06"]
[Round "5"]
[White "Bjarnason, Oskar"]
[Black "Catana, Costel"]
[Result "0-1"]
[WhiteElo "2258"]
[BlackElo "2095"]
[PlyCount "44"]
[EventDate "2005.12.03"]

1.e4 c5 2.c3 Nf6 3.e5 Nd5 4.d4 cxd4 5.Nf3 e6 6.cxd4 d6 7.Bc4 Nb6 8.Bd3 Nc6
9.a3 Bd7 10.O-O dxe5 11.dxe5 Be7 12.Qe2 Nd5 13.Qe4 Nb8 14.b4 Qb6 15.Qg4 
Nc6 16.Nbd2 Ne3 17.Qxg7 O-O-O 18.Nc4 Nxc4 19.Bxc4 Rhg8 20.Qh6 Nd4 21.Ne1 
Qc6 22.Bf4 Qxc4 0-1

[Event "I Open Olimpico A"]
[Site "Torino ITA"]
[Date "2005.12.06"]
[Round "5"]
[White "Castaldo, Folco"]
[Black "Sellitti, Federico"]
[Result "1-0"]
[WhiteElo "2363"]
[BlackElo "2143"]
[PlyCount "43"]
[EventDate "2005.12.03"]

1.e4 c5 2.c3 d6 3.d4 Nf6 4.Bd3 g6 5.dxc5 dxc5 6.e5 Nd5 7.Be4 e6 8.Nf3 Nc6 
9.Na3 Bg7 10.c4 Nc7 11.Bxc6+ bxc6 12.Qxd8+ Kxd8 13.Bg5+ Ke8 14.O-O-O Bd7 
15.Rd3 h6 16.Bf6 Bxf6 17.exf6 Rd8 18.Rhd1 Na6 19.Ne5 Nb8 20.Rb3 Rh7 21.Nb1
Na6 22.Rb7 1-0

[Event "I Open Olimpico A"]
[Site "Torino ITA"]
[Date "2005.12.06"]
[Round "5"]
[White "D'Ingiullo, Roberto"]
[Black "Racioppo, Paolo"]
[Result "0-1"]
[WhiteElo "2119"]
[BlackElo "2188"]
[PlyCount "70"]
[EventDate "2005.12.03"]

1.e4 c5 2.Nf3 a6 3.c3 d6 4.d4 Nd7 5.Bd3 e6 6.O-O Ngf6 7.Re1 b6 8.Nbd2 Bb7 
9.Qe2 Be7 10.e5 dxe5 11.dxe5 Nd5 12.Ne4 Qc7 13.Ng3 h6 14.Nh5 g5 15.a3 b5 
16.a4 c4 17.Be4 Nc5 18.Bxd5 Bxd5 19.axb5 axb5 20.Rxa8+ Bxa8 21.Nf6+ Bxf6 
22.exf6 Nd3 23.Rd1 Qc6 24.Qe3 Bb7 25.Qd4 e5 26.Qa7 O-O 27.Qe3 Qxf6 28.Ne1 
Nf4 29.f3 Re8 30.Qc5 Ne2+ 31.Kh1 Rd8 32.Rxd8+ Qxd8 33.Qxb5 Qd1 34.Qe8+ Kg7
35.Qxe5+ Kg6 0-1

[Event "I Open Olimpico A"]
[Site "Torino ITA"]
[Date "2005.12.06"]
[Round "5"]
[White "Finocchiaro, Gianluca"]
[Black "Spatola, Davide"]
[Result "1-0"]
[WhiteElo "1834"]
[BlackElo "2102"]
[PlyCount "83"]
[EventDate "2005.12.03"]

1.e4 d6 2.d4 Nf6 3.Nc3 g6 4.f4 Bg7 5.Nf3 O-O 6.Bd3 Nbd7 7.O-O e5 8.fxe5 
dxe5 9.d5 Ne8 10.Be3 Qe7 11.Qe1 Nd6 12.Qh4 Qxh4 13.Nxh4 Nb6 14.Bc5 Bd7 15.
Rad1 Na4 16.Nxa4 Bxa4 17.b3 Bd7 18.Nf3 b6 19.Ba3 a5 20.c4 a4 21.b4 f5 22.
Nd2 Bh6 23.c5 Bb5 24.Bxb5 Nxb5 25.Bb2 Nd4 26.Bxd4 exd4 27.exf5 bxc5 28.
bxc5 Rad8 29.fxg6 Rxf1+ 30.Kxf1 hxg6 31.Ne4 Be3 32.Ke2 Kg7 33.d6 cxd6 34.
cxd6 Rb8 35.Kd3 Kf7 36.Rf1+ Ke8 37.Nc5 Bh6 38.d7+ Ke7 39.Kxd4 a3 40.Re1+ 
Kf7 41.Ne6 Bd2 42.d8=Q 1-0

[Event "I Open Olimpico A"]
[Site "Torino ITA"]
[Date "2005.12.06"]
[Round "5"]
[White "Forno, Roberto"]
[Black "Giusiano, Marco"]
[Result "1/2-1/2"]
[WhiteElo "2026"]
[BlackElo "2038"]
[PlyCount "120"]
[EventDate "2005.12.03"]

1.e4 Nf6 2.Nc3 d6 3.d4 g6 4.Nf3 Bg7 5.Bc4 O-O 6.O-O c6 7.Bb3 Qc7 8.Bg5 e5 
9.Qd2 Bg4 10.Nh4 exd4 11.Qxd4 Nfd7 12.Qe3 Re8 13.Bh6 d5 14.Bxg7 Kxg7 15.
Qg5 d4 16.Qxg4 dxc3 17.Rae1 Nf6 18.Nf5+ Kh8 19.Qh4 Ng8 20.Bxf7 Qxf7 21.Nd6
Qe7 22.Qg3 Rd8 23.Qxc3+ Nf6 24.Nxb7 Rf8 25.Nc5 Nd7 26.Nxd7 Qxd7 27.e5 Nd5 
28.Qg3 Qe6 29.c4 Ne7 30.Qc3 Rad8 31.Rd1 Nf5 32.b4 Rfe8 33.f4 h5 34.a4 Kh7 
35.c5 Rd5 36.b5 Red8 37.Qb3 Qe7 38.Rxd5 Rxd5 39.h3 Qxc5+ 40.Kh2 Qe3 41.
Qxe3 Nxe3 42.Re1 Nf5 43.bxc6 Rc5 44.Rd1 Rxc6 45.Rd7+ Kg8 46.Rxa7 Rc4 47.g4
Rc2+ 48.Kg1 hxg4 49.hxg4 Ne3 50.f5 Rc1+ 51.Kf2 Nxg4+ 52.Kg3 gxf5 53.a5 Re1
54.Kf4 Nh6 55.Ra6 Kg7 56.e6 Kf6 57.e7+ Kxe7 58.Rxh6 Ra1 59.a6 Kd7 60.Kxf5 
Kc7 1/2-1/2

[Event "I Open Olimpico A"]
[Site "Torino ITA"]
[Date "2005.12.06"]
[Round "5"]
[White "Fortino, Fabrizio"]
[Black "Fuggetta, Leonardo"]
[Result "1/2-1/2"]
[WhiteElo "1995"]
[BlackElo "2068"]
[PlyCount "85"]
[EventDate "2005.12.03"]

1.e4 c5 2.c3 d6 3.d4 Nf6 4.Bd3 e5 5.Ne2 Nc6 6.d5 Ne7 7.f3 h5 8.Be3 g6 9.
Qd2 Neg8 10.a4 b6 11.Na3 Bh6 12.Bxh6 Nxh6 13.a5 Kf8 14.O-O Kg7 15.f4 Re8 
16.axb6 axb6 17.Nc4 Rxa1 18.Rxa1 Nfg4 19.h3 Qh4 20.Qe1 Qf6 21.hxg4 Nxg4 
22.fxe5 dxe5 23.Qg3 h4 24.Qf3 Qg5 25.Nd6 Rf8 26.Ra7 Nf6 27.Nxc8 Rxc8 28.
Bc4 b5 29.Bxb5 h3 30.Bd7 Rb8 31.Be6 h2+ 32.Kxh2 Rh8+ 33.Kg1 Rf8 34.Qg3 Qd2
35.Rxf7+ Rxf7 36.Bxf7 Kxf7 37.Qf3 Qxb2 38.Kf2 Qb1 39.Ke3 c4 40.Ng3 Qe1+ 
41.Ne2 Qb1 42.Ng3 Qe1+ 43.Ne2 1/2-1/2

[Event "I Open Olimpico A"]
[Site "Torino ITA"]
[Date "2005.12.06"]
[Round "5"]
[White "Pepino, Enrico"]
[Black "Astengo, Marcello"]
[Result "0-1"]
[WhiteElo "2149"]
[BlackElo "2077"]
[PlyCount "96"]
[EventDate "2005.12.03"]

1.e4 e6 2.d4 d5 3.exd5 exd5 4.c4 Nf6 5.Nc3 Be7 6.Bd3 O-O 7.Nge2 dxc4 8.
Bxc4 Bf5 9.O-O Nc6 10.a3 Qd7 11.Bf4 Bd6 12.Qd2 Rad8 13.Rad1 Rfe8 14.f3 Na5
15.Ba2 Qc6 16.Kh1 Nc4 17.Bxc4 Qxc4 18.Bxd6 Rxd6 19.Rc1 Qd3 20.Qf4 Bg6 21.
Rfd1 Qa6 22.Ng3 Qa5 23.Nce4 Nd5 24.Nxd6 Nxf4 25.Nxe8 Qb5 26.Nxc7 Qxb2 27.
Rg1 Nd3 28.Rge1 Nxe1 29.Rxe1 h6 30.Nd5 Qxd4 31.Ne7+ Kh7 32.Nxg6 Kxg6 33.
Ne4 f5 34.Ng3 Qc3 35.Rd1 Qxa3 36.h3 b5 37.Rd5 b4 38.Rd6+ Kg5 39.Ne2 Qa1+ 
40.Kh2 Qe1 41.f4+ Kh4 42.Re6 Qf2 43.Ng1 Qxf4+ 44.Kh1 b3 45.Rg6 Kh5 46.Rxg7
b2 47.g4+ fxg4 48.hxg4+ Qxg4 0-1

[Event "I Open Olimpico A"]
[Site "Torino ITA"]
[Date "2005.12.06"]
[Round "5"]
[White "Pulito, Alberto"]
[Black "Dragojlovic, Andjelko"]
[Result "1/2-1/2"]
[WhiteElo "2222"]
[BlackElo "2309"]
[PlyCount "131"]
[EventDate "2005.12.03"]

1.e4 c5 2.c3 g6 3.d4 cxd4 4.cxd4 d5 5.exd5 Nf6 6.Nc3 Nxd5 7.Qb3 Nb6 8.d5 
Bg7 9.Be3 O-O 10.Rd1 Na6 11.Bxa6 bxa6 12.Nge2 Bd7 13.O-O Qc7 14.Bg5 Bg4 
15.f3 Bc8 16.Qb4 Re8 17.Ng3 h6 18.d6 exd6 19.Bf4 Qc5+ 20.Qxc5 dxc5 21.Nge4
g5 22.Bg3 c4 23.Nc5 Bf5 24.Nxa6 Bd3 25.Rfe1 Rad8 26.Nb4 Rxe1+ 27.Bxe1 f5 
28.Bf2 Kf7 29.Nc6 Rd7 30.Nxa7 Rxa7 31.Bxb6 Rb7 32.Bf2 Rxb2 33.Nd5 Ke6 34.
Nc7+ Kd7 35.Na6 Rxa2 36.Nc5+ Kc6 37.Nxd3 cxd3 38.Kf1 Ra1 39.Rxa1 Bxa1 40.
Ke1 Kd5 41.h4 Bd4 42.Bg3 Be3 43.Kd1 g4 44.h5 Bd4 45.Bh4 Be3 46.Bf6 Bd4 47.
Bd8 Be3 48.Bf6 Kc4 49.Be7 Kd5 50.Bf6 Kc4 51.Ke1 Bd4 52.Be7 Bc5 53.Bf6 Be3 
54.Bg7 gxf3 55.gxf3 Kd5 56.Bf6 Ke6 57.Bd8 Bf4 58.Ba5 Kd5 59.Bc3 Kc4 60.Ba5
Bd6 61.Bd2 Bf8 62.Bf4 Kd4 63.Kd2 Bg7 64.Be3+ Kc4 65.Bf4 Bf8 66.Be3 1/2-1/2

[Event "I Open Olimpico A"]
[Site "Torino ITA"]
[Date "2005.12.06"]
[Round "5"]
[White "Ragni, Paolo"]
[Black "Boetto, Massimo"]
[Result "1-0"]
[WhiteElo "2159"]
[BlackElo "2000"]
[PlyCount "103"]
[EventDate "2005.12.03"]

1.e4 e6 2.d3 c5 3.Nf3 Nc6 4.g3 g6 5.Bg2 Bg7 6.O-O d6 7.c3 Nge7 8.Bg5 f6 9.
Be3 O-O 10.Nbd2 b6 11.d4 Ba6 12.Re1 Qc7 13.Qb3 d5 14.Bf4 e5 15.dxe5 fxe5 
16.Bg5 c4 17.Qa4 dxe4 18.Nxe4 Na5 19.Rad1 Rad8 20.Rxd8 Rxd8 21.Nf6+ Bxf6 
22.Bxf6 e4 23.Rxe4 Qc6 24.Qxc6 Rd1+ 25.Re1 Rxe1+ 26.Nxe1 Naxc6 27.Nc2 Kf7 
28.Nd4 Nxd4 29.Bxd4 Ke6 30.f4 Bb5 31.Kf2 Ba4 32.Bf1 Kd5 33.Bf6 Nf5 34.g4 
Nd6 35.Bg2+ Ke6 36.Bd4 Bd1 37.Bf3 Bc2 38.Ke3 Bb1 39.a3 Bd3 40.Be5 Nb5 41.
Bc6 a6 42.Bb7 a5 43.Bc8+ Kd5 44.Ba6 Na7 45.Bb7+ Kc5 46.Bd4+ Kb5 47.a4+ 
Kxa4 48.Bxb6 Kb3 49.Bxa7 Kxb2 50.Kd4 a4 51.Bc5 h5 52.g5 1-0

[Event "I Open Olimpico A"]
[Site "Torino ITA"]
[Date "2005.12.06"]
[Round "5"]
[White "Roversi, Stefano"]
[Black "Ratti, Marco"]
[Result "0-1"]
[WhiteElo "1866"]
[BlackElo "1968"]
[PlyCount "68"]
[EventDate "2005.12.03"]

1.e4 Nf6 2.e5 Nd5 3.d4 d6 4.Nf3 Bg4 5.Be2 e6 6.O-O Be7 7.c4 Nb6 8.Nc3 O-O 
9.exd6 cxd6 10.Be3 a6 11.Rc1 Bxf3 12.Bxf3 Nxc4 13.Bxb7 Ra7 14.Be4 d5 15.
Bb1 Nxe3 16.fxe3 Bg5 17.Rf3 f5 18.Rh3 Raf7 19.Na4 g6 20.Nc5 Qd6 21.Rg3 Bh6
22.Qd3 Rf6 23.Rf3 R6f7 24.Re1 e5 25.Rh3 e4 26.Qe2 Bg7 27.Qf2 Bf6 28.Qg3 f4
29.Qg4 Re8 30.Nb3 fxe3 31.Rexe3 Nc6 32.Bxe4 dxe4 33.Rxe4 Rxe4 34.Qxe4 
Bxd4+ 0-1

[Event "I Open Olimpico A"]
[Site "Torino ITA"]
[Date "2005.12.06"]
[Round "5"]
[White "Sola, Giuseppe"]
[Black "Faraoni, Enrico"]
[Result "0-1"]
[WhiteElo "1902"]
[BlackElo "2157"]
[PlyCount "84"]
[EventDate "2005.12.03"]

1.Nf3 f5 2.d4 Nf6 3.g3 g6 4.Bg2 Bg7 5.c4 O-O 6.O-O d6 7.Nc3 Nc6 8.d5 Ne5 
9.Nxe5 dxe5 10.e4 f4 11.gxf4 Nh5 12.fxe5 Bxe5 13.f4 Nxf4 14.Bxf4 Bxf4 15.
Ne2 Be5 16.Rxf8+ Qxf8 17.Qd2 Qg7 18.Nc3 Bd7 19.Rf1 g5 20.Ne2 Bxb2 21.Rb1 
Be5 22.Rxb7 Rf8 23.Rb1 Rf6 24.Rf1 Rh6 25.h3 Rb6 26.c5 Rb2 27.Qe3 Bb5 28.d6
exd6 29.cxd6 cxd6 30.Qc1 h5 31.Qc8+ Kh7 32.Qe6 Bd7 33.Qc4 Be8 34.Qe6 Bg6 
35.Nc1 Qb7 36.Nd3 Rxg2+ 37.Kxg2 Qxe4+ 38.Rf3 g4 39.hxg4 hxg4 40.Qe7+ Bg7 
41.Qh4+ Bh6 42.Qe7+ Qxe7 0-1

[Event "I Open Olimpico A"]
[Site "Torino ITA"]
[Date "2005.12.06"]
[Round "5"]
[White "Vozza, Nicola"]
[Black "Gallucci, Alessio"]
[Result "1-0"]
[WhiteElo "1994"]
[BlackElo "1742"]
[PlyCount "116"]
[EventDate "2005.12.03"]

1.e4 c5 2.d4 cxd4 3.c3 dxc3 4.Nxc3 Nc6 5.Nf3 d6 6.Bc4 Nf6 7.O-O Bg4 8.Qb3 
e6 9.Qxb7 Rc8 10.Bb5 Qd7 11.Bxc6 Rxc6 12.Qxd7+ Nxd7 13.Nd4 Rc4 14.Be3 Be7 
15.f3 Bh5 16.Rfc1 O-O 17.Ncb5 Rfc8 18.Nxa7 Rxc1+ 19.Rxc1 Rxc1+ 20.Bxc1 d5 
21.Kf1 dxe4 22.fxe4 Bg6 23.Nac6 Bc5 24.b4 Bd6 25.g3 Bxe4 26.Ke2 Bd5 27.a3 
e5 28.Nf5 Bxc6 29.Nxd6 Kf8 30.b5 Bd5 31.Bd2 Ke7 32.Nf5+ Kf6 33.Ne3 Be4 34.
Bb4 Nb6 35.Ba5 Na4 36.Kd2 Ke6 37.Bb4 f5 38.Nc4 Kd5 39.Ne3+ Kd4 40.Nd1 g5 
41.Nf2 Bf3 42.Nh3 h6 43.Bf8 g4 44.Nf2 h5 45.Nd3 Kd5 46.Bg7 e4 47.Nf4+ Kc5 
48.Nxh5 Nb6 49.Bf8+ Kxb5 50.Ng7 Nc4+ 51.Ke1 Ne3 52.Bb4 Nc2+ 53.Kf1 e3 54.
Nxf5 e2+ 55.Kf2 Nxb4 56.axb4 Kc4 57.Ke1 Kd3 58.b5 Be4 1-0

[Event "I Open Olimpico A"]
[Site "Torino ITA"]
[Date "2005.12.07"]
[Round "6"]
[White "Astengo, Marcello"]
[Black "Castaldo, Folco"]
[Result "0-1"]
[WhiteElo "2077"]
[BlackElo "2363"]
[PlyCount "44"]
[EventDate "2005.12.03"]

1.d4 e6 2.c4 f5 3.g3 Nf6 4.Bg2 Be7 5.Nh3 O-O 6.Nc3 d6 7.O-O c6 8.b3 e5 9.
Bb2 Qe8 10.c5 e4 11.d5 dxc5 12.d6 Bd8 13.Qc2 Na6 14.a3 h6 15.Rad1 Qf7 16.
Ba1 Be6 17.Rb1 Nd5 18.Nd1 Bf6 19.Nb2 Nc3 20.Rbc1 Bxb3 21.Qd2 Nb5 22.a4 Nd4
0-1

[Event "I Open Olimpico A"]
[Site "Torino ITA"]
[Date "2005.12.07"]
[Round "6"]
[White "Boetto, Massimo"]
[Black "D'Ingiullo, Roberto"]
[Result "0-1"]
[WhiteElo "2000"]
[BlackElo "2119"]
[PlyCount "82"]
[EventDate "2005.12.03"]

1.e4 d6 2.d4 Nf6 3.Nc3 c6 4.f3 Nbd7 5.Be3 Qb6 6.a3 d5 7.exd5 Nxd5 8.Nxd5 
cxd5 9.b4 Nf6 10.c4 dxc4 11.Bxc4 Be6 12.Qa4+ Nd7 13.Bxe6 Qxe6 14.Kf2 g6 
15.Ne2 Bg7 16.d5 Qf5 17.Rac1 Rd8 18.g4 Qf6 19.Bd4 Qh4+ 20.Kg2 Bxd4 21.Nxd4
O-O 22.Ne2 Nb6 23.Qxa7 Nxd5 24.Qf2 Qh6 25.f4 e5 26.g5 Qg7 27.Rhd1 exf4 28.
Nxf4 Nxf4+ 29.Qxf4 Qb2+ 30.Kh3 Qxa3+ 31.Kh4 Qb2 32.Rxd8 Rxd8 33.Rc4 b5 34.
Re4 Qc3 35.Kg4 Qc8+ 36.Kh4 Rd3 37.Re3 Rxe3 38.Qxe3 Qc4+ 39.Kg3 Qe6 40.Qc5 
Qb3+ 41.Kf4 Qe6 0-1

[Event "I Open Olimpico A"]
[Site "Torino ITA"]
[Date "2005.12.07"]
[Round "6"]
[White "Catana, Costel"]
[Black "Pepino, Enrico"]
[Result "0-1"]
[WhiteElo "2095"]
[BlackElo "2149"]
[PlyCount "104"]
[EventDate "2005.12.03"]

1.e4 c5 2.Nf3 d6 3.d4 cxd4 4.Nxd4 Nf6 5.Nc3 g6 6.Be2 Bg7 7.Be3 O-O 8.Qd2 
Nc6 9.f3 d5 10.exd5 Nxd5 11.Nxc6 bxc6 12.Rd1 Bf5 13.Bd4 Bxd4 14.Qxd4 Qa5 
15.Bd3 Nxc3 16.Qxc3 Qxc3+ 17.bxc3 Be6 18.Ke2 Rab8 19.a3 Rb6 20.Rb1 Rfb8 
21.Rb4 Kg7 22.Rd1 f5 23.f4 Kf6 24.Kf2 Rc8 25.Rdb1 Rcb8 26.Re1 Rc8 27.Reb1 
Rxb4 28.cxb4 c5 29.b5 c4 30.Bf1 Bd5 31.c3 Rc5 32.a4 e5 33.fxe5+ Kxe5 34.a5
f4 35.Rb4 Rc8 36.h4 Kd6 37.Be2 Rb8 38.Bf3 Bxf3 39.Kxf3 Kc5 40.b6 axb6 41.
axb6 Rxb6 42.Rxb6 Kxb6 43.Kxf4 Ka5 44.Ke5 Ka4 45.g4 Kb3 46.h5 gxh5 47.gxh5
Kxc3 48.Kf6 Kb3 49.Kg7 c3 50.Kxh7 c2 51.h6 c1=Q 52.Kg7 Qg5+ 0-1

[Event "I Open Olimpico A"]
[Site "Torino ITA"]
[Date "2005.12.07"]
[Round "6"]
[White "Dragojlovic, Andjelko"]
[Black "Ragni, Paolo"]
[Result "1-0"]
[WhiteElo "2309"]
[BlackElo "2159"]
[PlyCount "71"]
[EventDate "2005.12.03"]

1.e4 e5 2.Nc3 Nf6 3.Bc4 Nc6 4.d3 Na5 5.Nge2 Nxc4 6.dxc4 d6 7.Qd3 Be7 8.b3 
Be6 9.O-O Nd7 10.Bb2 Nc5 11.Qf3 a5 12.Rad1 O-O 13.Ng3 g6 14.Nd5 Bxd5 15.
Rxd5 Bf6 16.Rfd1 Qe7 17.a4 b6 18.Qg4 Qe6 19.Qe2 Bg5 20.Ba3 Nb7 21.Nf1 f5 
22.f3 Rf7 23.Ng3 Raf8 24.c3 Bh4 25.b4 axb4 26.cxb4 Ra8 27.a5 bxa5 28.b5 
Bxg3 29.hxg3 Qe7 30.exf5 Rxf5 31.c5 Rd8 32.c6 Rb8 33.cxb7 Rxb7 34.Qe1 Ra7 
35.b6 cxb6 36.Bxd6 1-0

[Event "I Open Olimpico A"]
[Site "Torino ITA"]
[Date "2005.12.07"]
[Round "6"]
[White "Faraoni, Enrico"]
[Black "Martin, Tiziano"]
[Result "0-1"]
[WhiteElo "2157"]
[BlackElo "2002"]
[PlyCount "62"]
[EventDate "2005.12.03"]

1.e4 e5 2.f4 d6 3.Nf3 Bg4 4.Bc4 Nc6 5.O-O Nf6 6.c3 Bxf3 7.Qxf3 Be7 8.d3 
O-O 9.Bb3 b5 10.Be3 a5 11.Nd2 Qd7 12.h3 a4 13.Bc2 d5 14.d4 exd4 15.e5 dxe3
16.Qxe3 Ne8 17.Rad1 f5 18.g4 g6 19.gxf5 gxf5 20.Rf2 Kh8 21.Rg2 Ng7 22.Nf1 
Ne6 23.Qf3 Bc5+ 24.Kh2 Ne7 25.Ng3 c6 26.Nh5 Ng6 27.Nf6 Rxf6 28.exf6 Nexf4 
29.Rg5 Qd6 30.Rxf5 Ne2+ 31.Kh1 Ng3+ 0-1

[Event "I Open Olimpico A"]
[Site "Torino ITA"]
[Date "2005.12.07"]
[Round "6"]
[White "Ferretti, Carlo"]
[Black "Finocchiaro, Gianluca"]
[Result "0-1"]
[WhiteElo "2030"]
[BlackElo "1834"]
[PlyCount "46"]
[EventDate "2005.12.03"]

1.d4 d5 2.e4 e6 3.Nc3 dxe4 4.f3 Bb4 5.Be3 Nf6 6.a3 Bxc3+ 7.bxc3 Nd5 8.Qd2 
c6 9.Rb1 Nd7 10.Ne2 N7b6 11.Ng3 Nxe3 12.Qxe3 Nd5 13.Qd2 exf3 14.gxf3 Qf6 
15.Kf2 Qf4 16.Qd3 b6 17.Re1 Nf6 18.Rg1 Bb7 19.Bh3 O-O-O 20.Kg2 c5 21.Ne2 
Qh4 22.Qe3 g5 23.Qe5 g4 0-1

[Event "I Open Olimpico A"]
[Site "Torino ITA"]
[Date "2005.12.07"]
[Round "6"]
[White "Fuggetta, Leonardo"]
[Black "Bjarnason, Oskar"]
[Result "1/2-1/2"]
[WhiteElo "2068"]
[BlackElo "2258"]
[PlyCount "56"]
[EventDate "2005.12.03"]

1.c4 g5 2.Nc3 Bg7 3.b3 d6 4.Bb2 Nc6 5.e3 e5 6.Nge2 f5 7.Nd5 Be6 8.d4 e4 9.
Nec3 Nge7 10.h4 g4 11.g3 Qd7 12.Nf4 d5 13.Nh5 O-O 14.Nxg7 Kxg7 15.Be2 Kg8 
16.O-O Na5 17.cxd5 Nxd5 18.Nxd5 Bxd5 19.Qd2 b6 20.Rac1 c6 21.Bc3 Nb7 22.
Ba6 Nd8 23.Be2 a5 24.Bc4 a4 25.Bb4 Rf7 26.Qc2 b5 27.Bxd5 Qxd5 28.Qc5 Qxc5 
1/2-1/2

[Event "I Open Olimpico A"]
[Site "Torino ITA"]
[Date "2005.12.07"]
[Round "6"]
[White "Gallucci, Alessio"]
[Black "Giacometto, Mario"]
[Result "1-0"]
[WhiteElo "1742"]
[BlackElo "1992"]
[PlyCount "67"]
[EventDate "2005.12.03"]

1.e4 c5 2.Nc3 Nc6 3.f4 e6 4.Bc4 a6 5.a4 Nge7 6.f5 Ne5 7.Ba2 N7c6 8.Nf3 
Nxf3+ 9.Qxf3 Nd4 10.Qd1 Qh4+ 11.g3 Qh3 12.Kf2 Bd6 13.d3 b6 14.Be3 Be5 15.
Ne2 Nxf5 16.Bf4 Bd4+ 17.Nxd4 Nxd4 18.c3 Nc6 19.Bc7 O-O 20.Qf1 Qh6 21.Qc1 
Qh5 22.Qd1 Qg6 23.g4 Kh8 24.Qf3 Bb7 25.Bd6 Rfe8 26.h4 f5 27.h5 Qxg4 28.
Qxg4 fxg4 29.Rag1 Nd8 30.h6 g6 31.Be5+ Kg8 32.Rxg4 Rf8+ 33.Ke3 Nf7 34.
Rxg6+ 1-0

[Event "I Open Olimpico A"]
[Site "Torino ITA"]
[Date "2005.12.07"]
[Round "6"]
[White "Racioppo, Paolo"]
[Black "Sellitti, Federico"]
[Result "1/2-1/2"]
[WhiteElo "2188"]
[BlackElo "2143"]
[PlyCount "101"]
[EventDate "2005.12.03"]

1.f4 c5 2.Nf3 g6 3.d3 Bg7 4.g3 e6 5.Bg2 Ne7 6.c3 d5 7.O-O O-O 8.Qe1 Nbc6 
9.Na3 Rb8 10.Nc2 b5 11.Qf2 c4 12.d4 b4 13.Ne3 bxc3 14.bxc3 Qa5 15.Nd1 f5 
16.Ne5 Nxe5 17.fxe5 Nc6 18.Bf4 Rf7 19.Qe3 Rfb7 20.Bh6 Rb1 21.Rxb1 Rxb1 22.
Bxg7 Kxg7 23.g4 Ne7 24.Qg5 Ng8 25.gxf5 exf5 26.Qe3 Be6 27.Nf2 Qxa2 28.Nh3 
Rxf1+ 29.Bxf1 h6 30.Nf4 Kf7 31.Bg2 Qa5 32.h4 Qd8 33.h5 g5 34.Nxe6 Kxe6 35.
Qc1 Qa5 36.Qb2 Ne7 37.Qb8 Qb6 38.Qa8 a6 39.Bxd5+ Nxd5 40.Qg8+ Ke7 41.Qxd5 
Qb1+ 42.Kf2 Qe4 43.Qd6+ Ke8 44.e6 Qb7 45.d5 Qa7+ 46.Kg2 f4 47.Qc6+ Ke7 48.
Qxc4 Qe3 49.Qxa6 Qg3+ 50.Kf1 Qh3+ 51.Kg1 1/2-1/2

[Event "I Open Olimpico A"]
[Site "Torino ITA"]
[Date "2005.12.07"]
[Round "6"]
[White "Ranieri, Fabrizio"]
[Black "Pulito, Alberto"]
[Result "0-1"]
[WhiteElo "2247"]
[BlackElo "2222"]
[PlyCount "82"]
[EventDate "2005.12.03"]

1.e4 d5 2.exd5 Nf6 3.Nf3 Bg4 4.Be2 Qxd5 5.d4 Nc6 6.O-O O-O-O 7.c4 Qf5 8.
Be3 e5 9.d5 Bxf3 10.Bxf3 e4 11.Be2 Ne5 12.Nc3 a6 13.c5 Nxd5 14.Nxd5 Rxd5 
15.Qa4 Bxc5 16.Bxc5 Rxc5 17.Rac1 Rxc1 18.Rxc1 Nd3 19.Rf1 Rd8 20.h3 Qe5 21.
b4 f5 22.Qb3 Qd5 23.Qa4 Nf4 24.Bd1 e3 25.Bf3 exf2+ 26.Kh1 Qd4 27.Qa5 g6 
28.b5 Qb6 29.Qc3 axb5 30.Qc2 Nd3 31.Be2 Qe3 32.Bxd3 Rxd3 33.Rxf2 Qe4 34.
Kg1 Re3 35.Qd2 Re1+ 36.Kh2 Qe5+ 37.g3 Qe4 38.Rg2 Qb1 39.Rf2 Rh1+ 40.Kg2 
Qg1+ 41.Kf3 Qd1+ 0-1

[Event "I Open Olimpico A"]
[Site "Torino ITA"]
[Date "2005.12.07"]
[Round "6"]
[White "Sorcinelli, Francesco"]
[Black "Fortino, Fabrizio"]
[Result "1-0"]
[WhiteElo "2071"]
[BlackElo "1995"]
[PlyCount "87"]
[EventDate "2005.12.03"]

1.e4 c5 2.Nc3 Nc6 3.Nge2 e6 4.d4 cxd4 5.Nxd4 Nf6 6.Nxc6 bxc6 7.e5 Nd5 8.
Ne4 Qc7 9.f4 f5 10.exf6 Nxf6 11.Nxf6+ gxf6 12.Qh5+ Ke7 13.Bd2 Rb8 14.O-O-O
d5 15.g4 Kd8 16.f5 Qb6 17.Bc3 Qe3+ 18.Bd2 Qb6 19.b3 Ba3+ 20.Kb1 e5 21.Qf7 
Rf8 22.Qxh7 Rb7 23.Qh6 Rc7 24.Bc1 Bd6 25.Bg2 a5 26.a4 Qb4 27.h3 d4 28.Bf1 
Bb7 29.Bc4 c5 30.Rhg1 Bc6 31.Bd2 Qb6 32.g5 d3 33.Bc3 dxc2+ 34.Kxc2 Be4+ 
35.Kc1 Rd7 36.g6 Kc7 37.g7 Rg8 38.Bxg8 c4 39.Bxc4 Ba3+ 40.Bb2 Qf2 41.Rxd7+
Kb6 42.Qxf6+ Bc6 43.Bxa3 Qxg1+ 44.Rd1 1-0